000 00812nam a2200193 a 4500
008 070212s2005 xx |||||||||||||| || u
050 _aTHESIS
100 _aSiluonde, Moses
245 1 0 _aDesigning of a saw mill
_cthesis by Moses Siluonde, Steven Kakungu, Abishy Kalima and Chishya Mumbake and supervised by G. Mwangana
260 _a
_bCopperbelt University, School of Technology, Electrical Engineering Department
_c2005
350 _a0.00
650 _aENGINEERING
650 _aELECTRIC ENGINEERING
650 _aSawmills - Zambia - Design and construction
700 _aMumbake, Chishya
700 _aKalima, Abishy
700 _aKakungu, Steven
995 _D0.00
_FCBU-MAIN LIBRARY (Kitwe)
_H1
_I0.00
_M1
_UAVAILABLE
_WFeb 12, 2007
_ZUniversity Collection
999 _c39800
_d39800